000 00549nam a2200205Ia 4500
001 9039
003 IVS
005 20250626030148.0
008 211022s9999 xx 000 0 und d
040 _cIVS
082 _a741.6 MAR
100 _aMariam Anwar Ali
245 0 _aAuthenticity and relevance of documentation through media
260 _aKarachi
260 _bIndus Valley School
260 _c2008
300 _a24
856 _uhttps://drive.google.com/file/d/1k5t85imrNkG6kS0Hb1z-mwYLXCgQQZkR/view?usp=sharing
942 _cDISS
_2ddc
_n0
999 _c7759
_d7759